[Event "DSOL 04 Liga Gr-D 1st"]
[Site "Playchess.com INT"]
[Date "2020.07.22"]
[Round "5.3"]
[White "Rupprecht, Lukas"]
[Black "Heinz, Manfred"]
[Result "0-1"]
[WhiteElo "1756"]
[BlackElo "1787"]
[PlyCount "62"]
[EventDate "2020.06.22"]
[EventType "team-tourn (rapid)"]
[EventCountry "GER"]
[SourceTitle "EXT 2021"]
[Source "ChessBase"]
[SourceDate "2020.10.23"]
[SourceVersion "1"]
[SourceVersionDate "2020.10.23"]
[SourceQuality "1"]
[WhiteTeam "Heideck/Hilpoltstein"]
[BlackTeam "Heilsbronn"]
[WhiteTeamCountry "GER"]
[BlackTeamCountry "GER"]

1. e4 c6 2. d4 d5 3. Nc3 dxe4 4. Nxe4 Bf5 5. Ng3 Bg6 6. Nf3 Nd7 7. h4 h6 8. h5 Bh7 9. Bd3 Bxd3 10. Qxd3 Ngf6 11. Bf4 e6 12. c3 Be7 13. Rd1 0-0 14. 0-0 Re8 15. Rfe1 Qb6 16. Rd2 c5 17. Ne5 Nxe5 18. Bxe5 Rad8 19. Qc4 Nd7 20. Ree2 Nxe5 21. dxe5 Qc6 22. Qb3 Bg5 23. Rxd8 Rxd8 24. Ne4 Bf4 25. Nd6 Rd7 26. g3 Qf3 27. Qc2 Bxe5 28. Nxf7 Kxf7 29. Qg6+ Kf8 30. Qxe6 Rd1+ 31. Re1 Rxe1+ 0-1

[Event "DSOL 04 Liga Gr-D 1st"]
[Site "Playchess.com INT"]
[Date "2020.07.08"]
[Round "3.4"]
[White "Krams, Amatus"]
[Black "Rupprecht, Lukas"]
[Result "0-1"]
[WhiteElo "1688"]
[BlackElo "1756"]
[PlyCount "34"]
[EventDate "2020.06.22"]
[EventType "team-tourn (rapid)"]
[EventCountry "GER"]
[SourceTitle "EXT 2021"]
[Source "ChessBase"]
[SourceDate "2020.10.23"]
[SourceVersion "1"]
[SourceVersionDate "2020.10.23"]
[SourceQuality "1"]
[WhiteTeam "Eving SV Rochade"]
[BlackTeam "Heideck/Hilpoltstein"]
[WhiteTeamCountry "GER"]
[BlackTeamCountry "GER"]

1. e4 e5 2. Nf3 Nf6 3. d4 Nxe4 4. Bd3 d5 5. Nxe5 Be7 6. Ng6 hxg6 7. Be3 Bf5 8. Nd2 Nxd2 9. Qxd2 Bxd3 10. Qxd3 c6 11. 0-0-0 Nd7 12. Rhe1 0-0 13. g3 Nf6 14. Bg5 Ne4 15. Bxe7 Qxe7 16. h4 Qd6 17. Qf3 Qf6 0-1

[Event "Landesliga U20 Nord 1415"]
[Site "Bayern"]
[Date "2015.01.24"]
[Round "5.2"]
[White "Rupprecht, Lukas"]
[Black "Graeber, Friedrich"]
[Result "1-0"]
[WhiteElo "1555"]
[BlackElo "1493"]
[PlyCount "145"]
[EventDate "2014.11.15"]
[EventType "team-tourn"]
[EventRounds "7"]
[EventCountry "GER"]
[SourceTitle "EXT 2022"]
[Source "ChessBase"]
[SourceDate "2021.10.06"]
[SourceVersion "1"]
[SourceVersionDate "2021.10.06"]
[SourceQuality "1"]
[WhiteTeam "Heideck/Hilpoltstein U20"]
[BlackTeam "Regensburg Bavaria U20 II"]
[WhiteTeamCountry "GER"]
[BlackTeamCountry "GER"]

1. e4 c5 2. Nf3 d6 3. Bb5+ Bd7 4. Nc3 Nc6 5. d4 cxd4 6. Nxd4 Nf6 7. 0-0 g6 8. Be3 Bg7 9. f3 0-0 10. Qd2 a6 11. Bc4 Rc8 12. Be2 Ne5 13. Rab1 Nc4 14. Bxc4 Rxc4 15. Nb3 Qc7 16. Rf2 b5 17. a3 a5 18. Nd4 Rb8 19. Nd5 Nxd5 20. exd5 a4 21. c3 Qb7 22. Nc2 Bf5 23. Rd1 Bxc2 24. Qxc2 Rbc8 25. Qe2 Qd7 26. Qd3 Re8 27. Qd2 Rf8 28. f4 f5 29. Re2 Re4 30. Bf2 Rxe2 31. Qxe2 Bf6 32. Re1 Rc8 33. Qd3 Rc4 34. g3 Rc8 35. h3 Re8 36. Re3 Rf8 37. Qe2 Re8 38. g4 fxg4 39. hxg4 Bg7 40. Bh4 Kf8 41. f5 gxf5 42. gxf5 Kf7 43. Qh5+ Kg8 44. f6 Bxf6 45. Bxf6 Rf8 46. Qg5+ Kf7 47. Rxe7+ Qxe7 48. Bxe7 Rg8 49. Qxg8+ Kxg8 50. Bxd6 Kf7 51. Be5 Ke7 52. Kf2 Kd7 53. Ke3 Kc8 54. Kd4 Kd7 55. Kc5 h5 56. Bh2 h4 57. Kxb5 h3 58. c4 Kd8 59. c5 Kd7 60. Kb6 Kc8 61. Kc6 Kd8 62. Kb7 Kd7 63. c6+ Kd8 64. c7+ Ke8 65. c8Q+ Ke7 66. d6+ Kf6 67. d7 Kf5 68. d8Q+ Ke4 69. Qc4+ Kf3 70. Qdd5+ Kf2 71. Qf5+ Kg2 72. Qe2+ Kh1 73. Qff1# 1-0

[Event "Landesliga U20 Nord 1415"]
[Site "Bayern"]
[Date "2015.01.24"]
[Round "4.2"]
[White "Rupprecht, Lukas"]
[Black "Obermeier, Johannes"]
[Result "0-1"]
[WhiteElo "1555"]
[BlackElo "1611"]
[PlyCount "104"]
[EventDate "2014.11.15"]
[EventType "team-tourn"]
[EventRounds "7"]
[EventCountry "GER"]
[SourceTitle "EXT 2022"]
[Source "ChessBase"]
[SourceDate "2021.10.06"]
[SourceVersion "1"]
[SourceVersionDate "2021.10.06"]
[SourceQuality "1"]
[WhiteTeam "Heideck/Hilpoltstein U20"]
[BlackTeam "Kelheim SK U20"]
[WhiteTeamCountry "GER"]
[BlackTeamCountry "GE2"]

1. e4 e5 2. Nf3 Nc6 3. Bb5 a6 4. Ba4 Nf6 5. d3 Bc5 6. 0-0 d6 7. c3 0-0 8. h3 h6 9. Be3 Bb6 10. Bxb6 cxb6 11. Bc2 d5 12. Nbd2 Re8 13. Nh2 Qc7 14. Ng4 Bxg4 15. hxg4 d4 16. cxd4 Nxd4 17. Rc1 Rac8 18. Nc4 Red8 19. Ne3 g6 20. Qd2 Nxe4 21. Qe1 Ng5 22. f3 b5 23. Kh1 Qd6 24. Qh4 Kg7 25. Qf2 Nge6 26. Bb1 Nc5 27. Rfd1 Nde6 28. g3 g5 29. Kg2 Qd4 30. Rd2 Rc6 31. Qe2 Qd7 32. Nd1 f6 33. Nf2 Rd6 34. Rcd1 b6 35. b3 b4 36. Kh2 Qc6 37. Kg2 Nd4 38. Qe3 Nb5 39. Rc1 Nc3 40. Re1 Nd5 41. Qe2 Nc3 42. Qe3 Qd7 43. d4 Rxd4 44. Rxd4 Qxd4 45. Qc1 Qd2 46. Qxd2 Rxd2 47. Kf1 Kf7 48. Rc1 Rb2 49. Bd3 Rxf2+ 50. Kxf2 Nxd3+ 51. Ke3 Nxc1 52. Kd2 N1xa2 0-1